| 000 | 01291nam a22003497a 4500 | ||
|---|---|---|---|
| 003 | CHAP | ||
| 005 | 20220329143324.0 | ||
| 008 | 080624s2001 mx a r 00010 spa d | ||
| 010 | _a94948 | ||
| 011 | _a95920 | ||
| 035 | _a106554 | ||
| 040 | _cCHAP | ||
| 082 | 0 | 4 |
_a696.2 _bB43 |
| 100 | 1 |
_aBedoya Montoya, Carlos Mauricio _911238 |
|
| 245 | 1 | 0 |
_aGuía didáctica para el dimensionamiento de redes a gas : _bde la resistencia anaranjada a la llama azul _c/por Carlos Mauricio Bedoya Montoya y Juan Felipe González Zapata |
| 260 |
_aMedellín : _bUniversidad Nacional de Colombia, _c2001 |
||
| 300 |
_a122 p. : _bilus. ; cuadros ; planos |
||
| 590 |
_aBATCH-UPD _b10 _c20130110 _lUCH01 _h0131 |
||
| 590 |
_aBATCH-UPD _b10 _c20130110 _lUCH01 _h0805 |
||
| 590 |
_aBATCH-UPD _b10 _c20130410 _lUCH01 _h1227 |
||
| 590 |
_aBATCH-UPD _b10 _c20130914 _lUCH01 _h0554 |
||
| 590 |
_aBATCH-UPD _b10 _c20130914 _lUCH01 _h2120 |
||
| 590 |
_aCONVERSION _b10 _c20130109 _lUCH01 _h1352 |
||
| 650 | 1 | 4 |
_aCalculadoras. _917343 |
| 650 | 1 | 4 |
_aCombustibles. _925554 |
| 650 | 1 | 4 |
_aGas natural. _947201 |
| 650 | 1 | 4 |
_aTuberías de cobre. _9115477 |
| 700 | 1 |
_aGonzález Zapata, Juan Felipe. _949501 |
|
| 901 | _aBK | ||
| 942 | _cLIBRO | ||
| 949 |
_a696.2 B43 _bBC _cLIBRO _d33724002057934 _eLIBRO _gDonaciØn _h109667 _i106554 _sb |
||
| 999 |
_c94948 _d94948 |
||